MARC details
| 000 -LEADER |
| campo de control de longitud fija |
01612nam a2200397 i 4500 |
| 001 - NÚMERO DE CONTROL |
| campo de control |
196043 |
| 003 - IDENTIFICADOR DE NÚMERO DE CONTROL |
| campo de control |
ES-MaACL |
| 005 - FECHA Y HORA DE LA ÚLTIMA TRANSACCIÓN |
| campo de control |
20250427063005.0 |
| 006 - CÓDIGOS DE INFORMACIÓN DE LONGITUD FIJA--CARACTERÍSTICAS DEL MATERIAL ADICIONAL |
| campo de control de longitud fija |
m o d |
| 007 - CAMPO FIJO DE DESCRIPCIÓN FÍSICA--INFORMACIÓN GENERAL |
| campo de control de longitud fija |
cr ||||||||||| |
| 008 - DATOS DE LONGITUD FIJA--INFORMACIÓN GENERAL |
| campo de control de longitud fija |
240810s2022 sp o 000 0dspa d |
| 020 ## - NÚMERO INTERNACIONAL ESTÁNDAR DEL LIBRO |
| Número Internacional Estándar del Libro |
9788417888923 ( |
| Información calificativa |
pdf) |
| 020 ## - NÚMERO INTERNACIONAL ESTÁNDAR DEL LIBRO |
| ISBN cancelado o inválido |
9788417888916 ( |
| Información calificativa |
rústica) |
| 035 ## - NÚMERO DE CONTROL DEL SISTEMA |
| Número de control de sistema |
Rebiun33849581 |
| 040 ## - FUENTE DE CATALOGACIÓN |
| Centro catalogador/agencia de origen |
DGITA |
| Lengua de catalogación |
eng |
| Normas de descripción |
rda |
| -- |
pn |
| Centro/agencia transcriptor |
DGITA |
| 043 ## - CÓDIGO DE ÁREA GEOGRÁFICA |
| Código de área geográfica |
e-sp--- |
| 080 ## - NÚMERO DE LA CLASIFICACIÓN DECIMAL UNIVERSAL |
| Número de la Clasificación Decimal Universal |
821.134.2.09"19" |
| 100 0# - ENTRADA PRINCIPAL--NOMBRE DE PERSONA |
| Nombre de persona |
Romero Tobar, Leonardo, |
| Fechas asociadas al nombre |
1941- |
| 9 (RLIN) |
99445 |
| Término indicativo de función/relación |
Autor |
| 245 10 - MENCIÓN DEL TÍTULO |
| Título |
Amigos maestros / |
| Mención de responsabilidad, etc. |
Leonardo Romero Tobar. |
| 264 #1 - PRODUCCIÓN, PUBLICACIÓN, DISTRIBUCIÓN, FABRICACIÓN Y COPYRIGHT |
| Producción, publicación, distribución, fabricación y copyright |
Santander : |
| Nombre del de productor, editor, distribuidor, fabricante |
Ediciones Universidad Cantabria, |
| Fecha de producción, publicación, distribución, fabricación o copyright |
[2021]. |
| 300 ## - DESCRIPCIÓN FÍSICA |
| Extensión |
107 pág. : |
| Dimensiones |
24 cm. |
| 336 ## - TIPO DE CONTENIDO |
| Término de tipo de contenido |
Texto |
| Código de tipo de contenido |
txt |
| Fuente |
rdacontent |
| 337 ## - TIPO DE MEDIO |
| Nombre/término del tipo de medio |
ordenador |
| Código del tipo de medio |
c |
| Fuente |
rdamedia |
| 338 ## - TIPO DE SOPORTE |
| Nombre/término del tipo de soporte |
recurso en línea |
| Código del tipo de soporte |
cr |
| Fuente |
rdacarrier |
| 490 1# - MENCIÓN DE SERIE |
| Mención de serie |
Colección Analectas ; |
| Designación de volumen o secuencia |
133 |
| 650 #0 - PUNTO DE ACCESO ADICIONAL DE MATERIA--TÉRMINO DE MATERIA |
| Término de materia o nombre geográfico como elemento de entrada |
Literatura española- |
| Subdivisión general |
Estudio y enseñanza |
| 9 (RLIN) |
238042 |
| 650 #0 - PUNTO DE ACCESO ADICIONAL DE MATERIA--TÉRMINO DE MATERIA |
| Término de materia o nombre geográfico como elemento de entrada |
Profesores españoles- |
| Subdivisión geográfica |
España- |
| Subdivisión de forma |
Biografía |
| 9 (RLIN) |
238043 |
| 650 #4 - PUNTO DE ACCESO ADICIONAL DE MATERIA--TÉRMINO DE MATERIA |
| Término de materia o nombre geográfico como elemento de entrada |
Literatura española- |
| Subdivisión general |
Historia y crítica |
| 9 (RLIN) |
14560 |
| 776 08 - ENTRADA DE FORMULARIO FÍSICO ADICIONAL |
| Información de relación |
Edición rústica: |
| Encabezamiento principal |
Romero, Leonardo, 1941-. |
| Título |
Amigos maestros., |
| Lugar, editor y fecha de publicación |
Santander : Ediciones Universidad Cantabria, [2021] |
| Número Internacional Estándar del Libro |
9788417888916 |
| 830 #0 - PUNTO DE ACCESO ADICIONAL DE SERIE-TÍTULO UNIFORME |
| Título uniforme |
Colección Analectas ; |
| Designación de volumen o secuencia |
133 |
| 9 (RLIN) |
240093 |
| 852 ## - LOCALIZACIÓN |
| Ubicación |
ES-MaACL |
| Ubicación en estantería |
Depósito J |
| Número de control de estantería |
N-9170 |
| Anotaciones manuscritas |
Dedicatoria autógrafa del autor |
| Donativo/Legado |
Donación: Leonardo Romero Tobar |
| Encuadernación |
Encuadernación rústica con solapas |
| itemnumber |
205068 |
| 942 ## - ELEMENTOS DE ENTRADA SECUNDARIOS (KOHA) |
| Tipo de ítem Koha |
Libro impreso |
| Suprimir en OPAC |
No |